| 000 | 00835nam a2200265 i 4500 | ||
|---|---|---|---|
| 001 | bg | ||
| 100 | 1 | _aDULANEY, Emmett | |
| 245 | 1 | 0 |
_aNovell certified Linux professional (CLP) : _bpodręcznik do egzaminów z SUSE LINUX / _cEmmett Dulaney ; przekł. z ang. Maciej Baranowski. |
| 260 |
_aWarszawa : _b"Mikom", _c2005. |
||
| 300 |
_a451 s. : _brys. ; _c24 cm. |
||
| 500 | _aMateriały szkoleniowe do SUSE Linux. | ||
| 504 | _aIndeks. | ||
| 650 | 9 | _aLinux | |
| 650 | 9 | _aNetWare | |
| 650 | 9 | _aEgzaminy | |
| 655 | _aPodręczniki | ||
| 020 | _a8372794928 | ||
| 040 | _cBPK | ||
| 041 | 1 |
_apol _heng |
|
| 080 | _a004.451:004.7](07) | ||
| 920 | _a83-7279-492-8 | ||
| 942 | _cKS | ||
| 008 | s pl f |000 0 pol | ||
| 999 |
_c46515 _d46515 |
||
| 856 |
_uhttp://koha.tu.koszalin.pl/cgi-bin/koha/opac-detail.pl?biblionumber=46515 _yKatalog online BPK |
||